The physiology of flowering /
Guardado en:
| Autor Principal: | |
|---|---|
| Otros Autores: | , |
| Formato: | Libro |
| Idioma: | English |
| Publicado: |
Boca Raton, Fla. :
CRC Press,
c1981-c1985.
|
| Etiquetas: |
Agregar Etiqueta
Sin Etiquetas, Sea el primero en etiquetar este registro!
|
| LEADER | 00893nam a22002295a 4500 | ||
|---|---|---|---|
| 001 | EEA.libagro002660 | ||
| 005 | 20180608114007.0 | ||
| 008 | 130809s1985####xxua#####b####000#0#eng#d | ||
| 020 | |a 0849357098 (v. 1) | ||
| 020 | |a 0849357103 (v. 2) | ||
| 082 | 0 | 4 | |a 582.13041 |
| 082 | 0 | 4 | |a 635.9 |
| 100 | 1 | |a Bernier, Georges, |d 1934- | |
| 245 | 1 | 4 | |a The physiology of flowering / |c authors, Georges Bernier, Jean-Marie Kinet, Roy M. Sachs. |
| 260 | |a Boca Raton, Fla. : |b CRC Press, |c c1981-c1985. | ||
| 300 | |a 3 v. : |b il. ; |c 26 cm. | ||
| 500 | |a La biblioteca posee: v.I : The initiation of flowers; v.II : Transition to reproductive growth. | ||
| 504 | |a Incluye bibliografías e índices. | ||
| 700 | 1 | |a Kinet, Jean-Marie. | |
| 700 | 1 | |a Sachs, Roy M. | |
| 859 | |a AR-BbBCA |b BIB. AGRONOMIA |h 582.13041 |i B528 |p C1986/0245 |v v.1 |3 Vol. 1 | ||
| 859 | |a AR-BbBCA |b BIB. AGRONOMIA |h 582.13041 |i B528 |p C1986/0246 |v v.2 |3 Vol. 2 | ||
